000 00304nam a22001337a 4500
999 _c12115
_d12115
020 _a978-0-141-34680-9
082 _a813.6
100 _aRick Riordan
245 _aPercy Jackson and lighting thief
260 _aNew Delhi
_bPuffin
_c2013
300 _a374
650 _aEnglish Fiction
942 _cBK